Datum a čas kvízu
16.5
Celkem bodů
Celkový počet nahraných bodů na tomto kvízu bez doplňovacích otázek.
4.
Pořadí na kvízu
Konečné umístění týmu na tomto kvízu.
Zaznamenané odpovědi
| # | Otázka | Odpověď | Body | Výsledky |
|---|---|---|---|---|
| 1. | Ti, kteří se pořádně zaměřili... | Bureši, čaú | 0 | |
| 2. | Tlaková níže a s ní spojené si... | Axel | 0 | |
| 3. | Zlínský filmový festival minul... | kybernetický útok | 0 | |
| 4. | Český podnikatel a miliardář r... | Karel Janeček | 0 | |
| 5. | V pondělí nás opustil Niki Lau... | Ferrari, McLaren | 0.5 | |
| 6. | Jakou barvu má pruh, který je... | bílou | 0 | |
| 7. | Jaká barva kromě zelené a bílé... | žádná | 1 | |
| 8. | Na thajské vlajce nenajdeme pr... | C | 1 | |
| 9. | Slovinskou vlajku tvoří znak v... | prostřední | 0 | |
| 10. | Uveďte barvy pruhů na vlajce B... | černý, žlutý, červený | 1 |